000 01036cam a22001934a 4500
005 20250605164359.0
008 250528s ||||||||||||||||||||||||d
035 _a24515
040 _aGR-AtMCL
_bgre
_dGR-AtMCL
_eAACR2
245 1 _aΠρωταρχικός και Διαχρονικός Στόχος μας η Υγιής Ανάπτυξη
260 _c2014
300 _a42
520 _aΜεγάλος Νικητής ο Όμιλος Spot JWT, Η Καρδιά του Digital Marketing 'Χτυπά' στο Βουκουρέτσι, Ιστορία Καινοτομίας και Εξέλιξης, Καινοτομία και Άνοιγμα σε Νέα Segments Δίνουν τον Τόνο, Κατάργηση Ορίων και Συσκευών και Καναλιών στο Μέλλον του Λιανεμπορίου, Ο Δεκάλογος του Ιδανικού Πωλητή.
700 1 _aΚορδελάς Δημήτρης
_99464
942 _cCR
710 2 _aThe Marketing Week
_99825
999 _c9392
_d9392